Cyclisme-Coureurs victorieux en World Tour en 2016 - Statistiques

Statistiques générales
  • Ce quiz a été pris 25 fois
  • Le résultat moyen est 38 sur 85
Statistiques - réponses
Nb de victoires Pays Equipe Coureur Age (Au 1er janvier 2025 Retraité ? Equipe actuelle (2025) Dernière Equipe si retraité % Correct
8 Royaume-Uni Team Sky Chris Froome 39 ans Non Israel - Premier Tech X
96%
5 Colombie Movistar Team Nairo Quintana 34 ans Non Movistar Team X
96%
10 Slovaquie Tinkoff Peter Sagan 34 ans Oui X Pierre Baguette Cycling
91%
3 Espagne Tinkoff Alberto Contador 42 ans Oui X Trek - Segafredo
87%
4 Royaume-Uni Team Dimension Data Mark Cavendish 39 ans Oui X Astana Qazaqstan Team
87%
4 Allemagne Lotto Soudal André Greipel 42 ans Oui X Israel Start-Up Nation
83%
2 Espagne Movistar Team Alejandro Valverde 44 ans Oui X Movistar Team
78%
4 Belgique BMC Racing Team Greg Van Avermaet 39 ans Oui X AG2R Citroën Team
78%
1 France AG2R La Mondiale Romain Bardet 34 ans Non Team Picnic PostNL X
78%
2 France FDJ Thibaut Pinot 34 ans Oui X Groupama - FDJ
78%
2 France FDJ Arnaud Démare 31 ans Non Arkéa - B&B Hotels X
74%
2 Suisse Trek - Segafredo Fabian Cancellara 43 ans Oui X Trek - Segafredo
74%
1 Royaume-Uni Team Sky Geraint Thomas 38 ans Non Ineos Grenadiers X
74%
2 Russie Team Katusha Ilnur Zakarin 35 ans Oui X Gazprom - RusVelo
74%
4 Allemagne Etixx - Quick Step Marcel Kittel 36 ans Oui X Team Katusha Alpecin
74%
4 France Cofidis, Solutions Crédits Nacer Bouhanni 34 ans Oui X Team Arkéa Samsic
74%
1 Royaume-Uni ORICA-BikeExchange Simon Yates 32 ans Non Team Visma | Lease a Bike X
74%
4 Belgique Lotto Soudal Tim Wellens 33 ans Non UAE Team Emirates X
74%
1 Irlande Etixx - Quick Step Dan Martin 38 ans Oui X Israel Start-Up Nation
70%
1 Espagne Team Sky Mikel Landa 35 ans Non Soudal Quick-Step X
70%
2 Italie Astana Pro Team Vincenzo Nibali 40 ans Oui X Astana Qazaqstan Team
70%
3 Colombie Etixx - Quick Step Fernando Gaviria 30 ans Non Movistar Team X
65%
3 Australie ORICA-BikeExchange Caleb Ewan 30 ans Non Ineos Grenadiers X
61%
2 Norvège Team Dimension Data Edvald Boasson Hagen 37 ans Oui X Decathlon AG2R La Mondiale Team
61%
3 Espagne Movistar Team Ion Izagirre 35 ans Non Cofidis X
61%
3 Australie ORICA-BikeExchange Michael Matthews 34 ans Non Team Jayco AlUla X
61%
1 Pologne Team Sky Michal Kwiatkowski 34 ans Non Ineos Grenadiers X
61%
4 Royaume-Uni Team Dimension Data Steve Cummings 43 ans Oui X Team Dimension Data
61%
3 Pays-Bas Team Giant - Alpecin Tom Dumoulin 34 ans Oui X Jumbo-Visma
61%
2 Pays-Bas Team Sky Wout Poels 37 ans Non XDS Astana Team X
61%
1 Kazakhstan Astana Pro Team Alexey Lutsenko 32 ans Non Israel - Premier Tech X
57%
2 Danemark ORICA-BikeExchange Magnus Cort 31 ans Non Uno-X Mobility X
57%
3 Australie ORICA-BikeExchange Simon Gerrans 44 ans Oui X BMC Racing Team
57%
1 Pays-Bas Trek-Segafredo Bauke Mollema 38 ans Non Lidl-Trek X
52%
1 Italie Etixx - Quick Step Matteo Trentin 35 ans Non Tudor Pro Cycling Team X
52%
1 Colombie Astana Pro Team Miguel Angel Lopez 30 ans Non Suspendu Team Medellin - EPM
52%
1 Belgique IAM Cycling Oliver Naesen 34 ans Non Decathlon AG2R La Mondiale Team X
52%
1 Slovénie Team LottoNL - Jumbo Primoz Roglic 35 ans Non Red Bull - BORA - Hansgrohe X
52%
2 Colombie ORICA-BikeExchange Esteban Chaves 35 ans Non EF Education -Easy Post X
48%
1 Espagne Movistar Team Jesus Herrada 34 ans Non Cofidis X
48%
1 France Direct Energie Lilian Calmejane 32 ans Oui X Intermarché - Wanty
48%
2 Belgique Lotto Soudal Thomas De Gendt 38 ans Oui X Lotto Dstny
48%
1 République Tchèque Etixx - Quick Step Zdenek Stybar 39 ans Oui X Team Jayco AlUla
48%
1 Pays-Bas Team LottoNL - Jumbo Dylan Groenewegen 31 ans Non Team Jayco AlUla X
43%
1 Italie Astana Pro Team Fabio Aru 34 ans Oui X Team Qhubeka NextHash
43%
1 Suisse ORICA-BikeExchange Michael Albasini 44 ans Oui X Michelton-Scott
43%
1 Australie BMC Racing Team Rohan Dennis 34 ans Oui X Jumbo-Visma
43%
2 Italie Lampre - Merida Diego Ulissi 35 ans Non XDS Astana Team X
39%
1 Italie Bardiani - CSF Giulio Ciccone 30 ans Non Lidl - Trek X
39%
2 Colombie IAM Cycling Jarlinson Pantano 36 ans Oui X Trek - Segafredo
39%
1 Suisse IAM Cycling Mathias Frank 38 ans Oui X AG2R Citroën Team
39%
1 Etats-Unis BMC Racing Team Tejay Van Garderen 36 ans Oui X EF Education - Nippo
39%
1 Pays-Bas Etixx - Quick Step Niki Terpstra 40 ans Oui X TotalEnergies
35%
1 France AG2R La Mondiale Pierre Latour 31 ans Non Team TotalEnergies X
35%
1 Australie BMC Racing Team Richie Porte 39 ans Oui X Ineos Grenadiers
35%
1 Pays-Bas Team LottoNL - Jumbo Robert Gesink 38 ans Oui X Team Visma | Lease a Bike
35%
1 Colombie BMC Racing Team Darwin Atapuma 36 ans Oui X Beykoz Belediyesi Spor Kulübü
30%
1 Argentine Etixx - Quick Step Maximiliano Richeze 41 ans Oui X UAE Team Emirates
30%
1 Estonie Team Katusha Rein Taaramäe 37 ans Non Kinan Racing Team X
30%
1 Espagne Etixx - Quick Step David de la Cruz 35 ans Non Q36.5 Pro Cycling Team X
26%
1 Espagne Team Sky Mikel Nieve 40 ans Oui X Caja Rujal - Seguros RGA
26%
1 Allemagne Team Giant - Alpecin Nikias Arndt 33 ans Non Bahrain-Victorious X
26%
1 Italie/Suisse Wanty - Groupe Gobert Enrico Gasparotto 42 ans Oui X NTT Pro Cycling
22%
1 Luxembourg BMC Racing Team Jempy Drucker 38 ans Oui X Cofidis
22%
1 Espagne Astana Pro Team Luis Leon Sanchez 41 ans Oui X Astana Qazaqstan Team
22%
1 Australie ORICA-BikeExchange Matthew Hayman 46 ans Oui X Michelton-Scot
22%
1 Espagne BMC Racing Team Samuel Sanchez 46 ans Oui X BMC Racing Team
22%
1 France FDJ Alexandre Geniez 36 ans Oui X TotalEnergies
17%
1 Royaume-Uni Movistar Team Alex Dowsett 36 ans Oui X Israel - Premier Tech
17%
1 Italie Lampre - Merida Davide Cimolai 35 ans Non Movistar Team X
17%
1 Italie Astana Pro Team Diego Rosa 35 ans Oui X EOLO - Kometa
13%
2 Italie Etixx - Quick Step Gianluca Brambilla 37 ans Non Q36.5 Pro Cycling Team X
13%
1 Pays-Bas Roompot - Oranje Peloton Pieter Weening 43 ans Oui X Trek-Segafredo
13%
1 Italie Lampre - Merida Valerio Conti 31 ans Non Team Solution Tech - Vini Fantini X
13%
1 Russe Gazprom - RusVelo Alexander Foliforov 32 ans Oui X Gazprom - RusVelo
9%
1 Italie Etixx - Quick Step Davide Martinelli 31 ans Oui X Astana Qazaqstan Team
9%
1 Australie Tinkoff Jay McCarthy 32 ans Oui X BORA - Hansgrohe
9%
1 Slovénie Lampre - Merida Luka Pibernik 31 ans Oui X Bahrain - McLaren
9%
1 Italie Trek - Segafredo Niccolò Bonifazio 31 ans Oui X Team Corratec - Vini Fantini
9%
1 Allemagne IAM Cycling Roger Kluge 38 ans Non REMBE | rad-net X
9%
1 Russie Team Katusha Alexey Tsatevich Décédé en 2024 X X Gazprom-RusVelo
4%
2 Belgique Etixx - Quick Step Gianni Meersman 39 ans Oui X Etixx - Quick Step
4%
1 Belgique ORICA-BikeExchange Jens Keukelaire 36 ans Oui X EF Education - EasyPost
4%
1 Belgique IAM Cycling Jonas Van Genechten 38 ans Oui X B&B Hotels p/b KTM
4%
1 Ouzbekistan/Russie Team Katusha Sergey Lagutin 43 ans Oui X Gazprom- RusVelo
4%
Aucun quiz correspondant
Distribution des résultats
% des personnes avec chaque résultat
Percentile par nombre de réponses
Votre historique - résultats
Vous n’avez pas pris ce quiz